Načítá se...
Aarogya Raksha Vidhikal
| Hlavní autor: | |
|---|---|
| Médium: | Printed Book |
| Jazyk: | Malayalam |
| Vydáno: |
K.G.ParameswaranPillai,Sriramavilasam prs,Quilon
K.G.ParameswaranPillai,Sriramavilasam press
1107
|
| LEADER | 00532nam a2200133Ia 4500 | ||
|---|---|---|---|
| 008 | 111205s9999 xx 000 0 mal d | ||
| 082 | |a 850.1 NOU/V | ||
| 100 | |a Ravi Varmma. L. A. | ||
| 245 | |a Aarogya Raksha Vidhikal |c Ravi Varmma. L. A. | ||
| 260 | |b K.G.ParameswaranPillai,Sriramavilasam press |a K.G.ParameswaranPillai,Sriramavilasam prs,Quilon |c 1107 | ||
| 300 | |a 55 | ||
| 942 | |c BK | ||
| 999 | |c 209844 |d 209844 | ||
| 952 | |0 0 |1 0 |2 ddc |4 0 |6 S_2R2 |7 0 |9 232118 |a MAL |b MAL |c SEC |d 2006-10-13 |g 0.00 |l 2 |o S2R2 |p MAL13782 |r 2013-11-13 |s 2013-07-31 |v 0.00 |w 2011-12-05 |y BK | ||